000
00288nam a22001337a 4500
999
_c
168249
_d
168249
082
_a
_b
100
_a
Penny Mckay
245
_a
Assessing young language learners/
_c
by Penny Mckay.
260
_a
_b
Cambridge,
_c
2005.
300
_a
388p.
600
_a
650
_a
942
_c
BK